000 00554nam a2200181Ia 4500
005 20250923144647.0
008 008 250917s9999 xx 000 0 eng d
037 _aTextual
040 _aDSWL
_beng
_cDSWL
041 _aeng
_2eng
084 _aX9B:9.251'N54t4, N55
_qDSWL
100 _aDennis, A.P.
_9827112
245 0 _aStudy of fifteen industrial cooperatives in Delhi
_cby A.P. Dennis
260 _aDelhi
_b D.S.S.W.
_c1955
300 _a72p.
942 _cTEXL
_hX9B:9.251'N54t4, N55
999 _c1441750
_d1441750